00409 2200169 4500001002100000005001500021035002000036245006000056100001600116300001200132260003700144082000800181084001400189990001200203990001200215990001200227INLIS00000000000215020250527113904 a0010-05250004421 aTahu Serius :bSebuah Antologi Slawi Ayu /cAdi Lahukmi0 aAdi Lahukmi a107 hlm aPurwokerto :bCakra Media,c2008 a900 a900 ADI t a0713083 a0713084 a0713085